The Murder at the Vicarage (Record no. 4906)

000 -LEADER
fixed length control field 00481 a2200157 4500
020 ## - INTERNATIONAL STANDARD BOOK NUMBER
International Standard Book Number 0007120850
082 ## - DEWEY DECIMAL CLASSIFICATION NUMBER
Classification number 823.912
090 ## - LOCALLY ASSIGNED LC-TYPE CALL NUMBER (OCLC); LOCAL CALL NUMBER (RLIN)
-- 938
-- 938
100 ## - MAIN ENTRY--PERSONAL NAME
Personal name Christie, Agatha.
245 ## - TITLE STATEMENT
Title The Murder at the Vicarage
Statement of responsibility, etc. Agatha Christie
260 ## - PUBLICATION, DISTRIBUTION, ETC.
Place of publication, distribution, etc. London :
Name of publisher, distributor, etc. HarperCollins Publishers ,
Date of publication, distribution, etc. 1930.
300 ## - PHYSICAL DESCRIPTION
Extent 380p. ;
Other physical details 19 cm.
500 ## - GENERAL NOTE
General note Includes Index
650 ## - SUBJECT ADDED ENTRY--TOPICAL TERM
Topical term or geographic name entry element 1.Marple, Jane (Fictitious character) --Fiction.2.Women detectives --England --Fiction.
942 ## - ADDED ENTRY ELEMENTS (KOHA)
Koha item type Book
Call number prefix 823.912 CHR
Holdings
Withdrawn status Lost status Damaged status Not for loan Collection code Permanent Location Current Location Shelving location Date acquired Source of acquisition Cost, normal purchase price Total Checkouts Full call number Barcode Date last seen Date last checked out Price effective from Koha item type Total Renewals
          Central Library (CL) Central Library (CL) Fiction 12/15/2004 Allied Book Company 175.50 3 823.912 CHR SEECS005168 03/13/2024 06/16/2023 01/05/2017 Book  
          Central Library (CL) Central Library (CL) General Stacks 01/22/2003 Academic Book com. 150.00 2 823.912 CHR SEECS003017 05/22/2025 09/21/2022 01/05/2017 Book 3
© 2023 Central Library, National University of Sciences and Technology. All Rights Reserved.